Eurovision Freaks - Statistics

General Stats
  • This quiz has been taken 304 times
  • The average score is 4 of 15
Answer Stats
Hint Answer % Correct
Bearded drag queen Conchita Wurst
94%
A turkey puppet farting and begging every country for 12 points Dustin the Turkey
63%
Squeaky-voiced Icelandic singer making a phone call to God Silvia Night
45%
Sparkling big size diva spanking her back-up singers Verka Serduchka
28%
Barbie-like Yugoslav singer in a carnival dress Baby Doll
24%
Skinny guy coming out of the laundry and four brides knitting Laka
21%
Trio of male stewardesses all covered in Swarovski crystals Sestre
19%
Mongol command fiercely spinning around on an Israeli stage Dschingis Khan
15%
A pregnant Danish lady and a flying paper guitar Hot Eyes
14%
Odd jumping and a cartoon cow Alf Poier
12%
Ginger twin sisters and a hyperactive man in a penguin outfit Sophie and Magaly
11%
Two guys kissing each other and out-of-tune singing Ping Pong
10%
A butterfly song and two-headed back-up singers Schmetterlinge
8%
Sacred love and extremely high notes Maja Blagdan
6%
Two ladies in white playing piccolos and doing odd dance routine Pas de Deux
3%
No matching quizzes found
Score Distribution
Percent of People with Each Score
Percentile by Number Answered
Your Score History
You have not taken this quiz